| 000 | 00457cam a2200181ua 4500 | ||
|---|---|---|---|
| 020 | _c4.00 | ||
| 041 |
_aeng _h |
||
| 082 |
_a621.301 _bGRA/AU |
||
| 100 | _aGraham, Frank D. | ||
| 245 |
_aAudels new electric library / _cFrank D Graham. _hTextual Documents |
||
| 250 |
_a1 / _b. |
||
| 260 |
_aMumbai : _bD B Taraporevala sons & Co. Pvt. Ltd. , _c1968. |
||
| 300 | _a488 ; . | ||
| 365 | _a4.00 | ||
| 504 | _a | ||
| 942 | _cBK | ||
| 999 |
_c7341 _d7341 |
||